| 000 | 01270cam a22003737a 4500 | ||
|---|---|---|---|
| 003 | CHAP | ||
| 005 | 20220817042646.0 | ||
| 008 | 971013s1976 r 00010 d | ||
| 010 | _a51312 | ||
| 011 | _a52284 | ||
| 035 | _a56434 | ||
| 040 | _cCHAP | ||
| 082 |
_a636.513 _bT6 1976 |
||
| 100 | 0 | 0 |
_aTorrijos Gómez, Juan Alfonso. _9114307 |
| 245 | 1 | 3 | _aLa cría del pollo de carne broilers |
| 250 | _a2 ed. | ||
| 260 |
_aBarcelona : _bAedos, _c1976 |
||
| 300 | _a282 p. | ||
| 490 | 0 | _aBiblioteca agrícola Aedos | |
| 590 |
_aBATCH-UPD _b10 _c20130110 _lUCH01 _h0151 |
||
| 590 |
_aBATCH-UPD _b10 _c20130110 _lUCH01 _h0737 |
||
| 590 |
_aBATCH-UPD _b10 _c20130409 _lUCH01 _h2152 |
||
| 590 |
_aBATCH-UPD _b10 _c20130410 _lUCH01 _h1004 |
||
| 590 |
_aBATCH-UPD _b10 _c20130914 _lUCH01 _h0455 |
||
| 590 |
_aCONVERSION _b10 _c20130109 _lUCH01 _h1328 |
||
| 650 | 1 | 4 | _aAvicultura. |
| 650 | 1 | 4 |
_aPollos para el asador. _990272 |
| 830 | 0 |
_aBiblioteca agrícola Aedos _912228 |
|
| 901 | _aBK | ||
| 942 | _cLIBRO | ||
| 949 |
_a636.513 T6 1976 _bBC _cLIBRO _d33724000105763 _eLIBRO _fc.2 _h44945 _i56434 _si |
||
| 949 |
_a636.513 T6 1976 _bBC _cLIBRO _d33724000105789 _eLIBRO _fc.6 _gI.144603 _h74647 _i56434 _si |
||
| 949 |
_a636.513 T6 1976 _bBC _cLIBRO _d33724000925335 _eLIBRO _fc.5 _h44948 _i56434 _si |
||
| 999 |
_c51312 _d51312 |
||